| 000 | 00410 a2200145 4500 | ||
|---|---|---|---|
| 005 | 20250611114832.0 | ||
| 020 | _a0-07-246750-9 | ||
| 100 | _aPATT, Y.N | ||
| 245 | _aIntroduction to Computing System: from Bits and Gates to C and Beyond | ||
| 250 | _a2nd Ed | ||
| 260 |
_aNew York _bHigher Education _c2004 |
||
| 300 |
_axxiii, 631p.:ill; Graph, Table _bIndex _c23cm |
||
| 700 | _aPATER, S. J | ||
| 942 |
_2ddc _cBKS |
||
| 999 |
_c3742 _d3742 |
||